Kapacity a výkony ubytovacích zariadení cestovného ruchu na Slovensku za súkromných podnikateľov nezapísaných v obchodnom registri 1999

Na minha lista:
Detalhes bibliográficos
Formato: Livro
Idioma:eslovaco
inglês
Publicado em: Bratislava Štatistický úrad Slovenskej republiky 2000
Colecção:Vnútorný obchod a služby
Assuntos:
Tags: Adicionar Tag
Sem tags, seja o primeiro a adicionar uma tag!

MARC

LEADER 00000nam a2200000 4500
001 c117938
005 20251202131435.8
041 0 |a slo 
041 0 |a eng 
044 |a SK 
245 1 0 |a Kapacity a výkony ubytovacích zariadení cestovného ruchu na Slovensku za súkromných podnikateľov nezapísaných v obchodnom registri 1999 
264 1 |a Bratislava  |b Štatistický úrad Slovenskej republiky  |c 2000 
300 |a 45 s. 
490 1 |a Vnútorný obchod a služby 
830 0 |a Vnútorný obchod a služby 
610 2 0 |a Slovensko 
610 2 0 |a ruch cestovný domáci 
610 2 0 |a zariadenia ubytovacie 
610 2 0 |a kapacita ubytovacia